000 00570nam a22002052 4500
001 0000009229
005 20151217145847.0
008 080912s xx 000 0 eng d
020 _a0072877304 :
_cKES 6800
040 _aKABU
_cKABU
100 1 _aRomer, David.
_@0000160329
245 1 0 _aAdvanced macroeconomics /
_cDavid Romer.
250 _a3rd ed.
260 _aBoston :
_bMcGraw-Hill,
_c2006.
300 _axvii, 678 p.
650 0 _aMacroeconomics.
_@0000149933
908 _a080912
950 _@1
999 _c3398
_d3398